000 00323nam a2200133Ia 4500
008 231207s9999 xx 000 0 und d
041 _aeng
100 _aSudaha Murthy
245 _aMahashweta
250 _a2007 Ed.
260 _bPenguin books ltd.New Delhi
300 _aPB/153/
650 _aComnputer Program Language
999 _c952218
_d952218